[Event "XL Mar del Plata International open"]
[Site "?"]
[Date "2009.04.06"]
[Round "3"]
[White "Gallego, Gonzalo"]
[Black "Leon, Mario"]
[Result "1-0"]
[WhiteElo "2177"]
[BlackElo "1909"]
[PlyCount "101"]
[EventDate "2009.??.??"]
[SourceDate "2009.04.10"]

1. e4 c5 2. Nf3 Nc6 3. Bb5 a6 4. Bxc6 dxc6 5. d3 Bg4 6. Be3 e5 7. Nbd2 Nf6 8.
h3 Bxf3 9. Nxf3 Bd6 10. O-O O-O 11. Nh4 g6 12. Bg5 Be7 13. Nf3 Qc7 14. Nd2 Nh5
15. Bh6 Rfe8 16. Nc4 Bf8 17. Bd2 Bg7 18. Qg4 b5 19. Ne3 Nf6 20. Qh4 Rad8 21. a4
Qb7 22. b3 bxa4 23. Rxa4 Rd4 24. Nc4 Nh5 25. Be3 Rd7 26. Bxc5 Bf8 27. Bxf8 Kxf8
28. Rfa1 Kg8 29. Rxa6 Qb4 30. Qg4 Rde7 31. Qd1 Re6 32. Qd2 Qe7 33. Ra7 Qh4 34.
Qe3 Nf4 35. Kh2 Rf6 36. Qg3 Qh6 37. Ne3 Qg7 38. Ng4 Rfe6 39. Qf3 h5 40. Ne3 Rf6
41. Qd1 Qh6 42. R7a6 Nxh3 43. Kxh3 Rxf2 44. Nf1 Qf4 45. Ng3 Kg7 46. c3 Rh8 47.
R6a2 h4 48. Nh1 Qe3+ 49. Kh2 h3 50. Nxf2 Qf4+ 51. g3 1-0

[Event "XL Mar del Plata International open"]
[Site "?"]
[Date "2009.04.06"]
[Round "3"]
[White "Navarro, Karina"]
[Black "Fidel, Roberto Oscar"]
[Result "0-1"]
[WhiteElo "1889"]
[BlackElo "2156"]
[PlyCount "104"]
[EventDate "2009.??.??"]
[SourceDate "2009.04.10"]

1. e4 e5 2. Nf3 Nc6 3. Bb5 f5 4. d3 Nf6 5. Nc3 Bb4 6. Bd2 Bxc3 7. Bxc3 fxe4 8.
Bxc6 dxc6 9. Nxe5 O-O 10. O-O Bf5 11. d4 Nd5 12. Bd2 Qe8 13. c3 Kh8 14. Re1 c5
15. Qb3 Nb6 16. dxc5 Qxe5 17. cxb6 axb6 18. a3 Be6 19. Qb4 Qf5 20. Qxe4 Qxf2+
21. Kh1 Qxd2 22. Qxe6 Qxb2 23. Rad1 Qxa3 24. Rd7 Qxc3 25. Qe7 Qf6 26. Qxf6 Rxf6
27. Rxc7 h6 28. Rxb7 Ra2 29. Rg1 Rb2 30. h3 Rff2 31. Kh2 b5 32. Kg3 Rfc2 33.
Kf3 b4 34. Ke3 Rxg2 35. Rxg2 Rxg2 36. Kf3 Rb2 37. h4 Rb1 38. h5 Kg8 39. Kf4 b3
40. Ke3 Rh1 41. Rb6 b2 42. Rxb2 Rxh5 43. Rb7 Rf5 44. Rb8+ Kh7 45. Ke4 Rf1 46.
Rb5 g5 47. Rb7+ Kg6 48. Rb6+ Rf6 49. Rb8 g4 50. Rg8+ Kh5 51. Ke5 Rg6 52. Rh8 g3
0-1

[Event "XL Mar del Plata International open"]
[Site "?"]
[Date "2009.04.06"]
[Round "3"]
[White "Mazzochi, Facundo Tomas"]
[Black "Saralegui Cassan, Mario"]
[Result "1/2-1/2"]
[WhiteElo "1829"]
[BlackElo "2148"]
[Annotator ",jmacosta"]
[PlyCount "33"]
[EventDate "2009.??.??"]
[SourceDate "2009.04.10"]

1. a3 e5 2. Nf3 Nc6 3. d4 e4 4. d5 exf3 5. dxc6 fxg2 6. cxd7+ Qxd7 7. Qxd7+
Bxd7 8. Bxg2 O-O-O 9. Bf4 f5 10. h3 g5 11. Bh2 Ne7 12. Nd2 Nc6 13. e3 h5 14.
O-O-O Be7 15. Nb3 g4 16. hxg4 hxg4 17. Bg3 {tablas en 55} 1/2-1/2

[Event "XL Abierto Internacional MdP"]
[Site "?"]
[Date "2009.04.06"]
[Round "3"]
[White "Novoa, Fernando"]
[Black "Prieto, Ernesto"]
[Result "1/2-1/2"]
[WhiteElo "1806"]
[BlackElo "2142"]
[PlyCount "39"]
[EventDate "2009.??.??"]

1. d4 Nf6 2. c4 g6 3. Nc3 d5 4. Nf3 Bg7 5. Qb3 c6 6. e3 O-O 7. Be2 dxc4 8. Bxc4
b5 9. Bd3 a6 10. O-O c5 11. Be2 c4 12. Qc2 Bb7 13. a4 Qb6 14. axb5 axb5 15.
Rxa8 Bxa8 16. b3 Rc8 17. bxc4 bxc4 18. Nd2 Na6 19. Ba3 e6 20. Rb1 1/2-1/2

[Event "XL Mar del Plata International open"]
[Site "?"]
[Date "2009.04.06"]
[Round "3"]
[White "Celestino, Guillermo"]
[Black "Navarro, Alberto"]
[Result "1-0"]
[WhiteElo "2141"]
[BlackElo "1884"]
[PlyCount "65"]
[EventDate "2009.??.??"]
[SourceDate "2009.04.10"]

1. d4 d5 2. c4 e6 3. Nc3 Nf6 4. cxd5 exd5 5. Bg5 Be7 6. Qc2 c6 7. e3 Nbd7 8.
Bd3 h6 9. Bh4 Nf8 10. Nge2 Ne6 11. f3 Nd7 12. Bf2 Nb6 13. O-O O-O 14. Rad1 Bd7
15. e4 Rc8 16. Qb1 Re8 17. e5 f6 18. f4 fxe5 19. dxe5 Rf8 20. f5 Nc5 21. f6
gxf6 22. Bh7+ Kh8 23. Qg6 f5 24. Qxh6 Bg5 25. Qh5 Qe7 26. Bxf5+ Kg8 27. Qg6+
Kh8 28. e6 Nxe6 29. Rd3 Qg7 30. Rh3+ Kg8 31. Bxe6+ Bxe6 32. Qxe6+ Rf7 33. Bd4
1-0

[Event "XL Mar del Plata International open"]
[Site "?"]
[Date "2009.04.06"]
[Round "3"]
[White "Sandoval, Teófilo"]
[Black "Russo, Juan José"]
[Result "1-0"]
[WhiteElo "2121"]
[BlackElo "1806"]
[PlyCount "65"]
[EventDate "2009.??.??"]

1. d4 d5 2. Nf3 Nf6 3. Bf4 c6 4. Nbd2 g6 5. e3 Bg7 6. h3 O-O 7. Bd3 Nbd7 8. g4
c5 9. c3 cxd4 10. exd4 Re8 11. O-O Nf8 12. Re1 h5 13. Ne5 hxg4 14. hxg4 Be6 15.
f3 Qb6 16. Rb1 N6d7 17. Kg2 Nxe5 18. Bxe5 f6 19. Bg3 Bd7 20. f4 e5 21. fxe5
fxe5 22. dxe5 Qe6 23. Be2 Bxe5 24. Bf3 Qd6 25. Rxe5 Qxe5 26. Bxe5 Rxe5 27. Nb3
Bc6 28. Nd4 Nh7 29. Qd3 Kg7 30. Nxc6 bxc6 31. Qd4 Kf6 32. Re1 Rae8 33. Qf4+ 1-0

[Event "XL Mar del Plata International open"]
[Site "?"]
[Date "2009.04.06"]
[Round "3"]
[White "Ordenes Segovia, Sergio"]
[Black "Delbono, Ruben"]
[Result "1-0"]
[WhiteElo "2071"]
[BlackElo "1754"]
[PlyCount "77"]
[EventDate "2009.??.??"]
[SourceDate "2009.04.10"]

1. d4 Nf6 2. c4 g6 3. Nc3 Bg7 4. e4 d6 5. Be2 O-O 6. Bg5 Nbd7 7. Qd2 Re8 8. Nf3
b6 9. O-O Bb7 10. Bd3 c6 11. Rac1 Rc8 12. Bb1 Qc7 13. Rfd1 Qb8 14. h3 Ba8 15.
Bf4 Qb7 16. b4 Nh5 17. Be3 Nhf6 18. a3 Rcd8 19. Bd3 Nf8 20. Bf1 c5 21. d5 N6d7
22. g4 Ne5 23. Nxe5 dxe5 24. bxc5 bxc5 25. Bxc5 Qd7 26. Qe3 Qc7 27. Bb4 a5 28.
Nb5 Qb7 29. Bxa5 Rc8 30. c5 Qa6 31. Bb4 Qa4 32. c6 Bxc6 33. dxc6 Rxc6 34. Nc3
Qa8 35. Bb5 Rxc3 36. Rxc3 Rd8 37. Rxd8 Qxd8 38. Rd3 Qc7 39. Qc5 1-0

[Event "XL Mar del Plata International open"]
[Site "?"]
[Date "2009.04.07"]
[Round "4"]
[White "Moreda, Lucas"]
[Black "Van Riemsdijk, Herman Claudius"]
[Result "1/2-1/2"]
[WhiteElo "2322"]
[BlackElo "2375"]
[PlyCount "112"]
[EventDate "2009.??.??"]
[SourceDate "2009.04.10"]

1. e4 e5 2. Nc3 Nf6 3. g3 d5 4. exd5 Nxd5 5. Bg2 Ne7 6. Nf3 Nbc6 7. O-O g6 8.
d4 exd4 9. Nb5 Bg7 10. Bf4 O-O 11. Nxc7 Rb8 12. Nb5 Ra8 13. Re1 a6 14. Nd6 Nd5
15. Qd2 h6 16. Nxd4 Nxf4 17. Nxc6 bxc6 18. Qxf4 g5 19. Qd2 Rb8 20. c3 Be6 21.
b4 Qc7 22. Ne4 Rfd8 23. Qe3 Bc4 24. Nc5 Qd6 25. a3 Qd2 26. Qxd2 Rxd2 27. Bxc6
Rbd8 28. Rac1 Bf8 29. a4 Rc8 30. Ne4 Rdd8 31. Bd7 Rc7 32. Bf5 Bg7 33. Red1
Rxd1+ 34. Rxd1 Kf8 35. Rd7 Rxd7 36. Bxd7 Bd5 37. Nc5 Ke7 38. Bf5 Bxc3 39. Nxa6
Kd6 40. b5 Ba5 41. Bc2 Bb7 42. Kf1 Bxa6 43. bxa6 Bb6 44. Ke2 Ke5 45. Kf3 f5 46.
a5 Ba7 47. h3 Bc5 48. Ke2 f4 49. gxf4+ Kxf4 50. Kd3 Bxf2 51. Bd1 Ba7 52. Bg4
Ke5 53. Bc8 Kd5 54. Bb7+ Ke5 55. Kc4 Kd6 56. Bf3 Ke5 1/2-1/2

[Event "XL Mar del Plata International open"]
[Site "?"]
[Date "2009.04.07"]
[Round "4"]
[White "Duarte, Leonardo"]
[Black "Contin, Daniel"]
[Result "1-0"]
[WhiteElo "2349"]
[BlackElo "2321"]
[PlyCount "193"]
[EventDate "2009.??.??"]
[SourceDate "2009.04.11"]

1. e4 e6 2. d4 d5 3. Nc3 Bb4 4. e5 c5 5. a3 Bxc3+ 6. bxc3 Ne7 7. Qg4 O-O 8. Bd3
Qa5 9. Bd2 Nbc6 10. Nf3 f5 11. exf6 Rxf6 12. Qh5 g6 13. Qh4 Rf7 14. c4 Qc7 15.
Ng5 Nf5 16. Qf4 Qxf4 17. Bxf4 Rf6 18. dxc5 Nh4 19. Bg3 Nxg2+ 20. Ke2 Nf4+ 21.
Bxf4 Rxf4 22. Ke3 Rf6 23. Nf3 Bd7 24. Rhg1 Raf8 25. Rg3 dxc4 26. Be4 e5 27. c3
Bf5 28. Ng5 Rd8 29. Rb1 Rd7 30. Ke2 Kf8 31. Rbg1 Bxe4 32. Nxe4 Rf4 33. Re3 Nd4+
34. cxd4 exd4 35. Ng5 d3+ 36. Ke1 d2+ 37. Kd1 Rxf2 38. Rf3+ Rxf3 39. Nxf3 Rd3
40. Rf1 Ke7 41. Ne5 Rxa3 42. Kxd2 c3+ 43. Kc2 Ke6 44. Nc4 Ra2+ 45. Kxc3 Rxh2
46. Re1+ Kd7 47. Kd4 Rh5 48. Ne5+ Kc7 49. Kd5 Rf5 50. Ke6 a5 51. Rd1 a4 52.
Rd7+ Kc8 53. Rxh7 a3 54. Nd7 Kc7 55. Ne5+ Kc8 56. Rh8+ Kc7 57. Ra8 Rf2 58. Rxa3
Rc2 59. Kd5 Rd2+ 60. Kc4 Rc2+ 61. Kd5 Rd2+ 62. Rd3 Rg2 63. Rd1 g5 64. Nc4 g4
65. Rh1 g3 66. Rh7+ Kb8 67. Nd6 Rd2+ 68. Ke5 Rb2 69. Rg7 g2 70. Nc4 Rc2 71. Kd5
Ka7 72. Ne3 Rd2+ 73. Kc4 Re2 74. Nxg2 Re6 75. Kb5 Re4 76. Rf7 Re2 77. Nf4 Rb2+
78. Kc4 Rf2 79. Rf8 Rc2+ 80. Kb4 Rb2+ 81. Kc3 Rb1 82. Nd5 Rc1+ 83. Kd4 Rd1+ 84.
Ke5 Rc1 85. Kd6 Ka6 86. Rf2 Ra1 87. Ra2+ Rxa2 88. Nb4+ Kb5 89. Nxa2 Ka6 90. Nc3
Ka7 91. Kc7 Ka8 92. Kb6 Kb8 93. Nb5 Ka8 94. Nd6 Kb8 95. Nxb7 Ka8 96. c6 Kb8 97.
c7+ 1-0

[Event "XL Mar del Plata International open"]
[Site "?"]
[Date "2009.04.07"]
[Round "4"]
[White "Calderon Fernandez, Gerbacio"]
[Black "De Dovittis, Alejo"]
[Result "1-0"]
[WhiteElo "2302"]
[BlackElo "2346"]
[PlyCount "65"]
[EventDate "2009.??.??"]
[SourceDate "2009.04.11"]

1. d4 Nf6 2. c4 e6 3. Nc3 Bb4 4. e3 O-O 5. Bd3 d5 6. Nf3 c5 7. O-O cxd4 8. exd4
dxc4 9. Bxc4 Nc6 10. Bg5 Be7 11. Re1 b6 12. a3 Bb7 13. Qd3 Nd5 14. Ne4 h6 15.
Bd2 Nf6 16. Ng3 Qd6 17. Rad1 Rad8 18. Bc1 Na5 19. Ba2 Bd5 20. Bb1 Bc4 21. Qe3
Ng4 22. Qe4 Nf6 23. Qh4 Nd5 24. Qh3 f5 25. Ne5 Bb3 26. Rd3 Rc8 27. Nh5 Bc2 28.
Rg3 g5 29. f4 Bxb1 30. fxg5 f4 31. Nf6+ Rxf6 32. gxf6+ fxg3 33. f7+ 1-0

[Event "XL Mar del Plata International open"]
[Site "?"]
[Date "2009.04.07"]
[Round "4"]
[White "Zamorano, Jorge"]
[Black "Mussanti, Diego"]
[Result "1/2-1/2"]
[WhiteElo "2247"]
[BlackElo "2327"]
[PlyCount "86"]
[EventDate "2009.??.??"]
[SourceDate "2009.04.11"]

1. Nf3 d5 2. c4 e6 3. d4 Nf6 4. Nc3 Be7 5. Bg5 O-O 6. e3 h6 7. Bh4 b6 8. cxd5
Nxd5 9. Bxe7 Qxe7 10. Nxd5 exd5 11. Qb3 Be6 12. Rc1 c5 13. Qa3 Rc8 14. Be2 Nd7
15. O-O Kf8 16. dxc5 bxc5 17. Rc3 Nf6 18. Ba6 Rc7 19. Nd2 Rb8 20. Be2 Rcb7 21.
b3 d4 22. Rxc5 dxe3 23. fxe3 Kg8 24. Qa5 Rd8 25. Rfc1 Rbd7 26. Nf1 Ne4 27. Rc8
Qh4 28. Rxd8+ Rxd8 29. Bf3 Qf2+ 30. Kh1 Rd5 31. Qe1 Qxe1 32. Rxe1 f5 33. Kg1 a5
34. Bxe4 fxe4 35. Ng3 a4 36. Nxe4 axb3 37. axb3 Ra5 38. b4 Ra2 39. Nc5 Bc4 40.
Rc1 Bb5 41. Ne6 Rb2 42. Rc7 g5 43. Nd4 Bd3 1/2-1/2

[Event "XL Mar del Plata International open"]
[Site "?"]
[Date "2009.04.07"]
[Round "4"]
[White "Pierrot, Facundo"]
[Black "Di Muro, Matias"]
[Result "1-0"]
[WhiteElo "2422"]
[BlackElo "2231"]
[PlyCount "89"]
[EventDate "2009.??.??"]
[SourceDate "2009.04.11"]

1. e4 c5 2. Nf3 Nc6 3. Nc3 Nf6 4. d4 cxd4 5. Nxd4 e5 6. Ndb5 d6 7. a4 a6 8. Na3
Bg4 9. Be2 Bxe2 10. Qxe2 Nd4 11. Qd3 d5 12. Bg5 dxe4 13. Nxe4 Be7 14. Bxf6 gxf6
15. O-O f5 16. Ng3 e4 17. Qd1 Bxa3 18. Rxa3 Qf6 19. Qh5 Rg8 20. c3 Rg5 21. Qd1
Ne6 22. f4 Rg4 23. Nxe4 Qg6 24. Ng3 h5 25. Qd5 Rd8 26. Qxf5 Rxg3 27. Qxg6 Rxg6
28. f5 Rg5 29. fxe6 fxe6 30. g3 h4 31. c4 Rg4 32. Re3 hxg3 33. hxg3 Rxc4 34.
Rxe6+ Kd7 35. Re3 Kc6 36. b3 Rc2 37. Rf2 Rc1+ 38. Kg2 Rd4 39. Rf4 Rcd1 40. Rxd4
Rxd4 41. Kf3 Kc5 42. g4 Rd1 43. g5 b5 44. axb5 Kxb5 45. Kf4 1-0

[Event "XL Mar del Plata International open"]
[Site "?"]
[Date "2009.04.07"]
[Round "4"]
[White "Cervetto, Esteban"]
[Black "Alonso, Salvador"]
[Result "0-1"]
[WhiteElo "2128"]
[BlackElo "2489"]
[PlyCount "70"]
[EventDate "2009.??.??"]
[SourceDate "2009.04.11"]

1. e4 c5 2. Nf3 Nc6 3. d4 cxd4 4. Nxd4 g6 5. c4 Bg7 6. Be3 Nf6 7. Nc3 O-O 8.
Be2 d6 9. O-O Bd7 10. Rc1 Nxd4 11. Bxd4 Bc6 12. f4 a5 13. b3 Nd7 14. Bxg7 Kxg7
15. Qd4+ f6 16. Rfd1 Qb8 17. Nd5 e5 18. Qf2 Nc5 19. f5 Nxe4 20. Qh4 Bxd5 21.
cxd5 Nc5 22. Rc3 g5 23. Qg4 Kh8 24. h4 Rg8 25. Rh3 Qc7 26. Kf2 Qb6 27. Kf1 Qb4
28. Bc4 Raf8 29. Ke2 gxh4 30. Qxh4 Rxg2+ 31. Kf3 Rg7 32. Rg1 Qc3+ 33. Kf2 Ne4+
34. Ke2 Qd2+ 35. Kf3 Ng5+ 0-1

[Event "XL Mar del Plata International open"]
[Site "?"]
[Date "2009.04.07"]
[Round "4"]
[White "Cejas, Jose Angel"]
[Black "Mavrich, Leandro Nicolas"]
[Result "1-0"]
[WhiteElo "2336"]
[BlackElo "2178"]
[PlyCount "37"]
[EventDate "2009.??.??"]
[SourceDate "2009.04.11"]

1. d4 Nf6 2. Nc3 d5 3. Bg5 g6 4. f3 Bg7 5. e4 dxe4 6. fxe4 O-O 7. Qd2 h6 8. Bf4
c6 9. O-O-O g5 10. Be3 b5 11. Bd3 Ng4 12. Nge2 Nxe3 13. Qxe3 Qa5 14. e5 Rd8 15.
Qe4 b4 16. Nb1 Be6 17. h4 Nd7 18. hxg5 hxg5 19. Rh8+ 1-0

[Event "XL Mar del Plata International open"]
[Site "?"]
[Date "2009.04.07"]
[Round "4"]
[White "Mavrich, Demian"]
[Black "Daneri, Martin"]
[Result "1-0"]
[WhiteElo "2217"]
[BlackElo "2149"]
[PlyCount "81"]
[EventDate "2009.??.??"]
[SourceDate "2009.04.11"]

1. e4 e6 2. d4 d5 3. exd5 exd5 4. Bd3 c5 5. c3 Nc6 6. Ne2 c4 7. Bc2 Bd6 8. Bf4
Nge7 9. Bxd6 Qxd6 10. Ng3 Qf4 11. Nd2 Bg4 12. f3 Be6 13. Qe2 h5 14. Qf2 h4 15.
Ne2 Qf6 16. O-O-O Bf5 17. Bxf5 Nxf5 18. g4 Nd6 19. f4 O-O-O 20. Rhe1 Rde8 21.
Ng1 Ne4 22. Nxe4 Rxe4 23. Rxe4 dxe4 24. d5 Nd8 25. Rd4 Re8 26. Rxc4+ Kb8 27.
Qe3 Qa6 28. Qc5 b6 29. Qc7+ Ka8 30. b3 Qb7 31. Qd6 Qb8 32. Qd7 Nb7 33. Rc7 Rd8
34. Qc6 g6 35. Ne2 f5 36. g5 h3 37. Nd4 e3 38. Kd1 a6 39. Qxb6 Rd6 40. Nc6 Rxc6
41. Qxc6 1-0

[Event "XL Mar del Plata International open"]
[Site "?"]
[Date "2009.04.07"]
[Round "4"]
[White "Restusia, Francisco"]
[Black "Tobares, Leandro"]
[Result "0-1"]
[WhiteElo "2115"]
[BlackElo "2216"]
[PlyCount "60"]
[EventDate "2009.??.??"]
[SourceDate "2009.04.11"]

1. e4 c5 2. Nc3 Nc6 3. f4 g6 4. Nf3 Bg7 5. Bb5 d6 6. O-O Bd7 7. d3 Nh6 8. Qe1
Nd4 9. Nxd4 cxd4 10. Bxd7+ Qxd7 11. Nd5 f5 12. exf5 Nxf5 13. g4 Ne3 14. Bxe3
dxe3 15. Qxe3 Qxg4+ 16. Kh1 O-O 17. Rg1 Qh5 18. Nxe7+ Kh8 19. Rg5 Qh4 20. Rxg6
Bf6 21. Rag1 Bxe7 22. R1g4 hxg6 23. Rxh4+ Bxh4 24. Qe4 Rae8 25. Qd4+ Bf6 26.
Qxd6 Kg7 27. c3 Re2 28. Qb4 Rfe8 29. Qxb7+ R8e7 30. Qf3 Rxb2 0-1

[Event "XL Mar del Plata International open"]
[Site "?"]
[Date "2009.04.07"]
[Round "4"]
[White "Escofet, Jaime"]
[Black "Gallego, Gonzalo"]
[Result "0-1"]
[WhiteElo "2089"]
[BlackElo "2177"]
[PlyCount "74"]
[EventDate "2009.??.??"]
[SourceDate "2009.04.11"]

1. e4 c5 2. Nf3 Nc6 3. d4 cxd4 4. Nxd4 Nf6 5. Nc3 e5 6. Ndb5 d6 7. Bg5 a6 8.
Na3 b5 9. Nd5 Be7 10. Bxf6 Bxf6 11. c3 O-O 12. Nc2 Rb8 13. Be2 Bg5 14. O-O a5
15. Qd3 f5 16. Bf3 Ne7 17. Rad1 Be6 18. exf5 Nxf5 19. Be4 Kh8 20. Nce3 g6 21.
b3 Qd7 22. c4 b4 23. Nc2 Qa7 24. Nde3 Rbd8 25. Nd5 Qc5 26. Ra1 Rd7 27. a3 bxa3
28. Rxa3 Bd8 29. Raa1 Rdf7 30. Rad1 Bxd5 31. Bxd5 Rf6 32. Be4 Bb6 33. Bxf5 Rxf5
34. Ne3 Rxf2 35. Rfe1 Qc6 36. Qd5 Qxd5 37. cxd5 Rb2 0-1

[Event "XL Mar del Plata International open"]
[Site "?"]
[Date "2009.04.07"]
[Round "4"]
[White "Onsari, Leandro"]
[Black "Virgillito, Cristian"]
[Result "1/2-1/2"]
[WhiteElo "2004"]
[BlackElo "2216"]
[PlyCount "100"]
[EventDate "2009.??.??"]
[SourceDate "2009.04.11"]

1. d4 d5 2. c4 c6 3. Nc3 e6 4. Nf3 Nf6 5. Bg5 dxc4 6. e4 b5 7. e5 h6 8. Bh4 g5
9. Nxg5 hxg5 10. Bxg5 Nbd7 11. exf6 Bb7 12. g3 c5 13. d5 Qb6 14. Bg2 O-O-O 15.
O-O b4 16. Rb1 Bh6 17. Bxh6 Rxh6 18. dxe6 fxe6 19. Na4 Qa6 20. f7 Rf6 21. Bxb7+
Qxb7 22. Qd6 e5 23. Qe7 Qf3 24. Rbd1 Rxf7 25. Qd6 Rh8 26. Qd5 Rh6 27. Nxc5 Qxd5
28. Rxd5 Rc6 29. Nxd7 Rxd7 30. Rxd7 Kxd7 31. h4 Ke6 32. Kg2 Ra6 33. Ra1 Kd5 34.
g4 Ke4 35. Kg3 b3 36. a3 Kd3 37. Rc1 Rxa3 38. Rc3+ Kd4 39. h5 Ra1 40. h6 Rh1
41. g5 a5 42. Kg2 Rh5 43. Rg3 a4 44. g6 a3 45. g7 axb2 46. g8=Q b1=Q 47. Qd8+
Kc5 48. Qa5+ Kc6 49. Qa6+ Kc5 50. Qa5+ Kc6 1/2-1/2

[Event "XL Mar del Plata International open"]
[Site "?"]
[Date "2009.04.07"]
[Round "4"]
[White "Covas, Guillermo Maximilian"]
[Black "Acosta, Jose Mariano"]
[Result "1-0"]
[WhiteElo "2167"]
[BlackElo "2002"]
[PlyCount "59"]
[EventDate "2009.??.??"]
[SourceDate "2009.04.11"]

1. c4 Nf6 2. g3 d5 3. cxd5 Nxd5 4. Bg2 e5 5. Nc3 Be6 6. Qa4+ c6 7. Nf3 Nd7 8.
d4 exd4 9. Nxd4 Nxc3 10. bxc3 Nc5 11. Qc2 Bd5 12. f3 Bc4 13. O-O Be7 14. Rd1
Qa5 15. Nf5 Bf8 16. Ne3 Be6 17. c4 Qa4 18. Qc3 Nd7 19. Kh1 f6 20. Rb1 Bc5 21.
Rxb7 Bxe3 22. Rdxd7 Bc5 23. Qd3 Bxc4 24. Qe4+ Kf8 25. Rf7+ Bxf7 26. Qxa4 Rd8
27. Ba3 Bxa3 28. Qxa3+ Kg8 29. Qe7 Rf8 30. Bh3 1-0

[Event "XL Mar del Plata International open"]
[Site "?"]
[Date "2009.04.07"]
[Round "4"]
[White "Crespo, Eugenio"]
[Black "Coda, Carlos Alberto"]
[Result "0-1"]
[WhiteElo "2004"]
[BlackElo "2165"]
[PlyCount "86"]
[EventDate "2009.??.??"]
[SourceDate "2009.04.11"]

1. e4 e5 2. Nf3 Nf6 3. Nxe5 d6 4. Nf3 Nxe4 5. d4 d5 6. Bd3 Bg4 7. O-O Be7 8. c4
Nf6 9. cxd5 O-O 10. Nc3 Nxd5 11. Be4 c6 12. Qb3 Nf6 13. Qxb7 Nxe4 14. Nxe4 Bxf3
15. gxf3 f5 16. Ng3 Bd6 17. Re1 Nd7 18. Qxc6 Nb6 19. Qc2 Rc8 20. Qb3+ Nc4 21.
f4 Kh8 22. Qd3 Qa5 23. Re2 Qd5 24. b3 Nb6 25. Be3 Rf6 26. Rc2 Rcf8 27. Qf1 Rg6
28. Qg2 Qb5 29. Rac1 Ba3 30. Rd1 h5 31. Qh3 Rh6 32. Qh4 Nd5 33. Ne2 Qb7 34. Qh3
Rff6 35. Nc3 Nb4 36. Rcd2 Rhg6+ 37. Kf1 Nd5 38. Nxd5 Qxd5 39. Qxh5+ Kg8 40. f3
Rh6 41. Qe8+ Rf8 42. Qe5 Qxf3+ 43. Bf2 Rxh2 0-1

[Event "XL Mar del Plata International open"]
[Site "?"]
[Date "2009.04.07"]
[Round "4"]
[White "Lopez Gomez, Diego"]
[Black "Sosa, Ruben"]
[Result "1-0"]
[WhiteElo "2165"]
[BlackElo "1988"]
[PlyCount "69"]
[EventDate "2009.??.??"]
[SourceDate "2009.04.11"]

1. d4 Nf6 2. Nf3 d5 3. c4 e6 4. Nc3 c6 5. e3 Nbd7 6. Qc2 b6 7. Bd3 Bb4 8. Bd2
Ba6 9. b3 Rc8 10. O-O c5 11. cxd5 Bxc3 12. Bxa6 Bxa1 13. Bxc8 Qxc8 14. dxe6
fxe6 15. Rxa1 O-O 16. dxc5 Nxc5 17. Bb4 Nce4 18. Rc1 Qxc2 19. Rxc2 Rd8 20. h3
Nd5 21. Be1 Kf7 22. Kf1 b5 23. a3 g5 24. Ke2 h6 25. Nd4 a6 26. Rc6 Rd6 27. Rc8
Ne7 28. Rc7 Ke8 29. Bb4 Rd7 30. Nxe6 Nd5 31. Rxd7 Kxd7 32. Nc5+ Nxc5 33. Bxc5
Kc6 34. Bf8 Nc3+ 35. Kd3 1-0

[Event "XL Mar del Plata International open"]
[Site "?"]
[Date "2009.04.07"]
[Round "4"]
[White "Fidel, Roberto Oscar"]
[Black "Couso, Juan Jose"]
[Result "1-0"]
[WhiteElo "2156"]
[BlackElo "1981"]
[PlyCount "73"]
[EventDate "2009.??.??"]
[SourceDate "2009.04.11"]

1. d4 Nf6 2. c4 e6 3. Nf3 b6 4. g3 Bb7 5. Bg2 Na6 6. O-O Be7 7. Nc3 O-O 8. b3
Rc8 9. Bb2 Bb4 10. a3 Bxc3 11. Bxc3 Ne4 12. Bb2 d5 13. Rc1 c6 14. b4 Nc7 15.
Ne5 f6 16. Nd3 Nd6 17. cxd5 exd5 18. Bh3 Rb8 19. a4 Nc4 20. Rc2 Re8 21. Bc1 Ne6
22. Nf4 Ng5 23. Bg2 Bc8 24. b5 Bf5 25. bxc6 Bxc2 26. Qxc2 Ne4 27. c7 Qxc7 28.
Nxd5 Qf7 29. Bxe4 Rbd8 30. Bxh7+ Kh8 31. Nf4 g5 32. Bg6 Qc7 33. Bxe8 Rxe8 34.
Qg6 Rg8 35. Qxf6+ Kh7 36. Ne6 Qd7 37. Bxg5 1-0

[Event "XL Mar del Plata International open"]
[Site "?"]
[Date "2009.04.07"]
[Round "4"]
[White "Aguinaga, Maximiliano"]
[Black "Cristobal, Manuel"]
[Result "1/2-1/2"]
[WhiteElo "2002"]
[BlackElo "2145"]
[PlyCount "76"]
[EventDate "2009.??.??"]
[SourceDate "2009.04.11"]

1. d4 Nf6 2. Nf3 e6 3. Bg5 c5 4. c3 Qb6 5. Qb3 d5 6. Nbd2 Nc6 7. e3 Bd6 8. Qxb6
axb6 9. Bb5 Bd7 10. Bxf6 gxf6 11. e4 dxe4 12. Nxe4 Be7 13. O-O f5 14. Ned2
O-O-O 15. Nc4 Kc7 16. Rfe1 Nxd4 17. Nxd4 cxd4 18. Bxd7 Rxd7 19. Ne5 Rd5 20.
cxd4 f6 21. Rac1+ Kb8 22. Nc4 b5 23. Rxe6 bxc4 24. Rxe7 Rxd4 25. h3 Rc8 26.
Rxh7 Rd2 27. Rh4 b5 28. Rc3 Rxb2 29. a4 bxa4 30. Rhxc4 Rxc4 31. Rxc4 a3 32. Ra4
a2 33. Kh2 Rxf2 34. Kg3 Rd2 35. h4 Rd3+ 36. Kf2 Rd4 37. Rxa2 Rxh4 38. Ra6 Rh6
1/2-1/2

[Event "XL Mar del Plata International open"]
[Site "?"]
[Date "2009.04.07"]
[Round "4"]
[White "Di Giannantonio, Nino"]
[Black "Celestino, Guillermo"]
[Result "1/2-1/2"]
[WhiteElo "1989"]
[BlackElo "2141"]
[PlyCount "61"]
[EventDate "2009.??.??"]
[SourceDate "2009.04.11"]

1. e4 c5 2. Nc3 Nc6 3. d3 g6 4. Be3 d6 5. Nge2 Bg7 6. d4 cxd4 7. Nxd4 Nf6 8. g3
Ng4 9. Bg2 Nxe3 10. fxe3 O-O 11. O-O Nxd4 12. exd4 Qb6 13. Nd5 Qxd4+ 14. Qxd4
Bxd4+ 15. Kh1 e6 16. c3 Be5 17. Ne3 Bd7 18. Rad1 Rfd8 19. Rf2 Be8 20. Rfd2 Kf8
21. Kg1 Ke7 22. Nc4 Rac8 23. Nxe5 dxe5 24. Rxd8 Rxd8 25. Rxd8 Kxd8 26. Kf2 Bc6
27. Ke3 f5 28. Bf3 g5 29. g4 f4+ 30. Kd3 Kc7 31. c4 1/2-1/2

[Event "XL Mar del Plata International open"]
[Site "?"]
[Date "2009.04.07"]
[Round "4"]
[White "Gimenez, Dante"]
[Black "Rivas, Lucas Matias"]
[Result "0-1"]
[WhiteElo "2098"]
[BlackElo "1967"]
[PlyCount "70"]
[EventDate "2009.??.??"]
[SourceDate "2009.04.11"]

1. d4 d5 2. c4 c6 3. cxd5 cxd5 4. Nc3 Nf6 5. Bf4 Nc6 6. e3 a6 7. Rc1 Bf5 8. Be2
e6 9. g4 Bg6 10. h4 h5 11. g5 Ne4 12. Nxe4 Bxe4 13. f3 Bf5 14. Kf2 Bd6 15. Nh3
O-O 16. Bxd6 Qxd6 17. f4 g6 18. Qd2 Rfc8 19. a3 Ne7 20. Kg3 Be4 21. Bf3 Nf5+
22. Kf2 Bxf3 23. Kxf3 Nxh4+ 24. Kf2 Qd7 25. Ng1 Rxc1 26. Qxc1 Rc8 27. Qd2 Nf5
28. Nf3 Nd6 29. Kg2 Ne4 30. Qe2 Qa4 31. Qe1 Rc2+ 32. Kg1 Qc4 33. Ne5 Rc1 34.
Nxc4 Rxe1+ 35. Kg2 Rxh1 0-1

[Event "XL Mar del Plata International open"]
[Site "?"]
[Date "2009.04.07"]
[Round "4"]
[White "Casares, Luis"]
[Black "Weil, Dany"]
[Result "1/2-1/2"]
[WhiteElo "2035"]
[BlackElo "1966"]
[PlyCount "101"]
[EventDate "2009.??.??"]
[SourceDate "2009.04.11"]

1. e4 e6 2. d4 d5 3. exd5 exd5 4. Nf3 Bd6 5. Bd3 Ne7 6. Bg5 O-O 7. h3 f6 8. Bd2
Bf5 9. Be3 Qd7 10. Nc3 c6 11. g4 Bxd3 12. Qxd3 Na6 13. a3 Rae8 14. O-O-O Nc7
15. Rdg1 b5 16. g5 Qf5 17. Qe2 Ng6 18. gxf6 Rxf6 19. Ne1 Ne6 20. Qg4 Bf4 21.
Qxf5 Rxf5 22. Nd3 Bxe3+ 23. fxe3 Ng5 24. Rg3 Nf3 25. Nd1 Nfh4 26. Rhg1 Ref8 27.
Nf4 R8f6 28. Nf2 Kf8 29. N2d3 Nxf4 30. Nxf4 g6 31. Rg4 Nf3 32. R1g2 Nxd4 33.
Nxg6+ hxg6 34. exd4 Kf7 35. R4g3 a5 36. Kd2 Rf2+ 37. Rxf2 Rxf2+ 38. Kc3 Kf6 39.
b3 g5 40. Re3 Rf5 41. Kd3 Kg6 42. c4 Rf6 43. Rg3 Kh5 44. Re3 Kh4 45. a4 bxa4
46. bxa4 Rf1 47. cxd5 cxd5 48. Re5 Rf3+ 49. Ke2 Ra3 50. Rxd5 Rxa4 51. Re5
1/2-1/2